We shall over come : (Record no. 7619)

MARC details
000 -LEADER
fixed length control field 01151nam a22003137a 4500
001 - CONTROL NUMBER
control field 7619
003 - CONTROL NUMBER IDENTIFIER
control field FISKH
005 - DATE AND TIME OF LATEST TRANSACTION
control field 20250728104024.0
008 - FIXED-LENGTH DATA ELEMENTS--GENERAL INFORMATION
fixed length control field 250728b cb ||||| |||| 00| 0 eng d
020 ## - INTERNATIONAL STANDARD BOOK NUMBER
International Standard Book Number 9780545838399
040 ## - CATALOGING SOURCE
Original cataloging agency FISKH
Language of cataloging eng
Transcribing agency FISKH
Modifying agency FISKH
050 ## - LIBRARY OF CONGRESS CALL NUMBER
Classification number ML3561.W45 L48
082 ## - DEWEY DECIMAL CLASSIFICATION NUMBER
Classification number 782.42162
100 ## - MAIN ENTRY--PERSONAL NAME
Personal name Levy, Debbie
245 ## - TITLE STATEMENT
Title We shall over come :
Remainder of title The story of a song /
Statement of responsibility, etc. Written by Debbie Levy : Illustrated by Vanessa Brantley-Newton
250 ## - EDITION STATEMENT
Edition statement First Scholastic printing , January 2015
260 ## - PUBLICATION, DISTRIBUTION, ETC.
Place of publication, distribution, etc. New York :
Name of publisher, distributor, etc. Scholastic ,
Date of publication, distribution, etc. 2013.
300 ## - PHYSICAL DESCRIPTION
Extent 32 pages :
Other physical details color illustrations ;
Dimensions 23 X 23 cm.
505 ## - FORMATTED CONTENTS NOTE
Formatted contents note J <br/>
520 ## - SUMMARY, ETC.
Summary, etc. Traces the history of the inspiring anthem and explains how it has come to represents the right for equality and freedom around the world.
521 8# - TARGET AUDIENCE NOTE
Target audience note 500 <br/>
Source Lexile estimate <br/>
521 8# - TARGET AUDIENCE NOTE
Target audience note J <br/>
Source Raz-Plus <br/>
650 ## - SUBJECT ADDED ENTRY--TOPICAL TERM
Topical term or geographic name entry element Black history
Form subdivision Children Non-Fiction
650 ## - SUBJECT ADDED ENTRY--TOPICAL TERM
Topical term or geographic name entry element Protesting
Form subdivision Children Non-Fiction
650 ## - SUBJECT ADDED ENTRY--TOPICAL TERM
Topical term or geographic name entry element Civil Rights Movement
Form subdivision Children Non-Fiction
700 ## - ADDED ENTRY--PERSONAL NAME
Personal name Brantley-Newton, Vanessa
Relator term Illustrator
942 ## - ADDED ENTRY ELEMENTS (KOHA)
Source of classification or shelving scheme Dewey Decimal Classification
Koha item type Books
Suppress in OPAC No
Holdings
Withdrawn status Lost status Source of classification or shelving scheme Damaged status Not for loan Collection Home library Current library Shelving location Date acquired Total Checkouts Full call number Barcode Date last seen Price effective from Koha item type
    Dewey Decimal Classification     Juvenile Fiction Footprints International School Library Network Toul Tom Poung Campus Footprints International School Library Network Toul Tom Poung Campus TTP Primary Dark Blue Bookshelves 07/28/2025   LEV 782.42162 ML3561.W45 L48 FISBK05868 07/28/2025 07/28/2025 Books